000 05327cam a22018854i 4500
003 PE-LiUPU
005 20250813165919.0
008 150706s r 000 0 d
020 _a9788483631959
035 _a(Sirsi) i9788483631959
040 _aPE-LiUPU
_bspa
_cPE-LiUPU
_erda
049 _aPRUA
082 0 4 _a624.1
_bI6
_221
082 0 4 _a624.042
_bA45 2007
_221
245 0 1 _aIntroducción a las estructuras de edificación /
_cAdolfo Alonso Durá . [et al.].
250 _aNo tiene
264 1 _aValencia :
_bUniversidad Politécnica de Valencia,
_c2007.
300 _apagina varia :
_bilustraciones ;
_c24 cm.
336 _atext
_2rdacontent
337 _aunmediated
_2rdamedia
338 _avolume
_2rdacarrier
500 _aEn la portada: Departamento de Mecánica de los Medios Contínuos y Teoría de Estructuras, Escuela Técnica Superior de Arquitectura, Universidad Politécnica de Valencia.
505 0 _aDiseño de sistemas estructurales -- Materiales estructurales -- Acciones en la edificación -- Distribución de solicitaciones en estructuras isostáticas -- Elasticidad -- Fundamentos de la resistencia de materiales. Distribución de tensiones en régimen elástico -- Fundamentos de la resistencia de materiales. Distribución de tensiones en régimen plástico -- Deformaciones elásticas -- Inestabilidad elástica de barras comprimidas -- Distribución de solicitaciones en sistemas hiperestáticos. El método de cross -- Distribución de solicitaciones en sistemas hiperestáticos: método de las flexibilidades -- Energía de deformación.
526 _aP203
526 _aP200
526 _aSEG65
526 _aSEG64
526 _aSEG63
526 _aSEG62
526 _aSEG61
526 _aSEG60
526 _aSEG59
526 _aSEG58
526 _aSEG57
526 _aSEG56
526 _aSEG55
526 _aSEG54
526 _aSEG53
526 _aSEG52
526 _aSEG51
526 _aSEG50
526 _aSEG49
526 _aSEG48
526 _aSEG47
526 _aSEG46
526 _aSEG24
526 _aSEG23
526 _aSEG22
526 _aSEG21
526 _aSEG20
526 _aSEG19
526 _aSEG18
526 _aSEG17
526 _aSEG16
526 _aSEG14
526 _aSEG13
526 _aSEG12
526 _aSEG11
526 _aSEG10
526 _aSEG09
526 _aSEG06
526 _aSEG05
526 _aSEG04
526 _aSEG03
526 _aSEG02
526 _aSEG68
526 _aSEG66
526 _aSEG45
526 _aSEG25
526 _aSEG01
526 _aP163
526 _aP162
526 _aP161
526 _aP160
526 _aP159
526 _aP158
526 _aP157
526 _aP156
526 _aP155
526 _aP154
526 _aP153
526 _aP152
526 _aP151
526 _aP150
526 _aP149
526 _aP142
526 _aP141
526 _aP140
526 _aP139
526 _aP138
526 _aP137
526 _aP132
526 _aP131
526 _aP130
526 _aP126
526 _aP125
526 _aP124
526 _aP123
526 _aP115
526 _aP122
526 _aP121
526 _aP116
526 _a P114
526 _aP112
526 _aP111
526 _aP104
526 _aP103
526 _aP102
526 _aP101
526 _aP100
526 _aP96
526 _aP95
526 _aP93
526 _aP92
526 _aP91
526 _aP88
526 _aP83
526 _aP82
526 _aP79
526 _aP78
526 _aP75
526 _aP74
526 _aP71
526 _aP69
526 _a P51
526 _aP49
526 _aP48
526 _aP47
526 _aP33
526 _aP31
526 _a P30
526 _aP29
526 _aP27
526 _aP26
526 _aP25
526 _aP24
526 _a P22
526 _aP10
526 _aP09
526 _a P08
526 _aP06
526 _aP05
526 _aP04
526 _aP01
541 _g015-001535;
541 _g001-00003175;
650 0 4 _aEstructuras (Construcción)
_xCálculo.
700 1 _aAlonso Durá, Adolfo
700 1 _aCabrera i Fausto, Iván,
_eautor.
700 1 _aFenollosa Forner, Ernesto,
_eautor.
910 _cbd
_d20130530
910 _btqv
_caic
_d20170223
942 _2ddc
_cBOOK
949 _a624.1 I6
_wDEWEY
_c1
_i67337
_lCCODEBUL1
_mBUL
_p74.00
_r0
_sY
_tBOOK
_u2015-7-6
_xINGENIERIA
_PP25
_o.STAFF. Colección General
949 _a624.024 A45 2007
_wDEWEY
_c1
_iFJ07114
_lCCODEBUJ1
_mBUJ
_p58.84
_r0
_sY
_tBOOK
_u2017-02-23
_xINGENIERÍA
_PP25
_0COMPRA
_o.STAFF. Colección General Juliaca
994 _aC0
_bPEPRU
596 _a1 3
999 _a624.1 I6
_wDEWEY
_c55005
_i67337
_f2021-11-9
_g7
_lCCODEBUL1
_mBUL
_p74.00
_r0
_sY
_tBOOK
_u2015-7-6
_xINGENIERIA
_PP25
_0COMPRA
_o.STAFF. Colección General
_d55005
999 _a624.042 A45 2007
_wDEWEY
_c1
_iFJ07114
_d2019-4-8
_e2019-4-2
_f2022-1-26
_g5
_lCCODEBUJ1
_mBUJ
_n3
_p58.54
_q5
_r0
_sY
_tBOOK
_u2015-9-16
_xINGENIERIA
_PP25
_0COMPRA
_o.STAFF. Colección General Juliaca
980 _81
_gALBERTO SANCHEZ Responsable de Automatización